logo

Bir Sreshtho Munshi Abdur Rouf Library
Jhenaidah Cadet College

চলচ্চিত্রযাত্রা / (Record no. 1094)

MARC details
000 -LEADER
fixed length control field 00677nam a2200229 a 4500
001 - CONTROL NUMBER
JCCL Control Number 1094
003 - CONTROL NUMBER IDENTIFIER
JCCL marc code BD-JhCC
005 - DATE AND TIME OF LATEST TRANSACTION
control field 20171014212455.0
008 - FIXED-LENGTH DATA ELEMENTS--GENERAL INFORMATION
fixed length control field 171014s2012 b a|||| |||| 00| 0 b d
020 ## - INTERNATIONAL STANDARD BOOK NUMBER
International Standard Book Number 9789843338860
035 ## - SYSTEM CONTROL NUMBER
system control number (BD-JhCC)1094
040 ## - CATALOGING SOURCE
Original cataloging agency BD-JhCC
Modifying agency BD-JhCC
041 ## - LANGUAGE CODE
Language code of Book ben
082 ## - DEWEY DECIMAL CLASSIFICATION NUMBER
DDC Edition number 23
Classification number 791.095414
Author mark and Year MAS 2012
100 ## - MAIN ENTRY--PERSONAL NAME
Personal name মাসুদ, তারেক
245 ## - TITLE STATEMENT
Title চলচ্চিত্রযাত্রা /
Statement of responsibility, etc তারেক মাসুদ
260 ## - PUBLICATION, DISTRIBUTION, ETC. (IMPRINT)
Place of publication, distribution, etc ঢাকা :
Name of publisher, distributor, etc প্রথমা প্রকাশ,
Date of publication, distribution, etc ২০১২
300 ## - PHYSICAL DESCRIPTION
Pagination 175 p. :
Other physical details ill. ;
Dimensions 22cm.
650 ## - SUBJECT ADDED ENTRY--TOPICAL TERM
Topical term or geographic name as entry element Motion Picture
942 ## - ADDED ENTRY ELEMENTS (KOHA)
Source of classification or shelving scheme Dewey Decimal Classification
Koha item type Books
Holdings
Source of classification or shelving scheme Damaged status Not for loan Home library Current library Shelving location Cost, normal purchase price Total Checkouts Full call number Barcode Date last seen Copy number Koha item type
Dewey Decimal Classification     JCC Rouf Library JCC Rouf Library General Stacks 275.00   791.095414 MAS 2012 2052 10/14/2017 C-1 Books

JCC Library | Contacts | JCC Home

Last Update on 23 September 2017
Copyright @ 2017-2020 JCC Rouf Library
Rouf Library, Jhenidah Cadet College (JCC), Bangladesh